| 000 | 00455nam a22001577a 4500 | ||
|---|---|---|---|
| 999 |
_c15724 _d15724 |
||
| 003 | OSt | ||
| 082 |
_a664 _bARC/DE |
||
| 088 | _aP 457 | ||
| 100 |
_aArchana P _94270 |
||
| 100 |
_aMidhila P K _94271 |
||
| 100 |
_aNasim Banu B _94272 |
||
| 245 | _aDevelopment and performance evalation of garlic bulb breaker cum peeler | ||
| 260 |
_aTavanur _bDepartment of Processing and Food Engineering _c2019 |
||
| 700 |
_aSanthi Mary Mathew (Guide) _93746 |
||
| 942 | _cPR | ||